00902nam a22001937a 4500003000200000005001700002008004100019050002300060100002200083245014300105260007300248300002700321500004100348504005200389650007000441650006300511650006800574650006600642020250219162532.0250219b xxu||||| |||| 00| 0 eng d aHG 4026b.B35 2023 aBajado, Patty D.  aAn evaluation of the effectiveness of cash management practices on selected micro and small enterprises in Las Pinas CitycPatty D. Bajado aLas Pinas CitybSouthville International School and Colleges cc2023 aix, 79 pages ;c28cm.  aBachelor of Science in Accountancy.  aIncludes bibliographical references and index.  aCash management—Effectiveness—Philippines—Las Piñas City. aSmall business—Finance—Philippines—Las Piñas City. aMicroenterprises—Management—Philippines—Las Piñas City. aSmall business—Management—Philippines—Las Piñas City.